书目信息 |
| 题名: |
直击台湾
|
|
| 作者: | 晓轩 著 | |
| 分册: | ||
| 出版信息: | 北京 九州出版社 2002 |
|
| 页数: | 267页 | |
| 开本: | 21cm | |
| 丛书名: | ||
| 单 册: | ||
| 中图分类: | E289.58 | |
| 科图分类: | ||
| 主题词: | 军事实力--概况--台湾省 , 军事实力 | |
| 电子资源: | ||
| ISBN: | 7-80114-775-8 | |
| 000 | 00759nam0 2200241 450 | |
| 001 | 1262631218 | |
| 005 | 20121003172434.14 | |
| 010 | @a7-80114-775-8@dCNY20.00 | |
| 100 | @a20020827d2002 em y0chiy0110 ea | |
| 101 | 0 | @achi |
| 102 | @aCN@b110000 | |
| 105 | @aa z 000yy | |
| 200 | 1 | @a直击台湾@Azhi ji tai wan@e台湾军事观察@f晓轩著 |
| 210 | @a北京@c九州出版社@d2002 | |
| 215 | @a267页@c照片@d21cm | |
| 330 | @a本书主要探讨了“台湾军队走向”,“台湾军事力量发展”,“台湾战争潜力”,“美台军事合作”四个方面的问题。 | |
| 517 | 1 | @a台湾军事观察@Atai wan jun shi guan cha |
| 606 | 0 | @a军事实力@x概况@y台湾省 |
| 606 | 0 | @a军事实力 |
| 690 | @aE289.58@v4 | |
| 701 | 0 | @a晓轩@Axiao xuan@4著 |
| 801 | 0 | @aCN@bNLC@c20101222 |
| 905 | @a10447@dE289.58@eJY32 | |
| 直击台湾:台湾军事观察/晓轩著.-北京:九州出版社,2002 |
| 267页:照片;21cm |
| ISBN 7-80114-775-8:CNY20.00 |
| 本书主要探讨了“台湾军队走向”,“台湾军事力量发展”,“台湾战争潜力”,“美台军事合作”四个方面的问题。 |
| ● |
| 相关链接 |
|
|
|
|
正题名:直击台湾
索取号:E289.58/JY32
 
预约/预借
| 序号 | 登录号 | 条形码 | 馆藏地/架位号 | 状态 | 备注 |
| 1 | 7813312 | 278133128 | 学院路分馆/ [索取号:E289.58/JY32] | 在馆 | |
| 2 | 7813313 | 278133137 | 学院路分馆/ [索取号:E289.58/JY32] | 在馆 | |
| 3 | 7813314 | 278133146 | 学院路分馆/ [索取号:E289.58/JY32] | 在馆 | |
| 4 | 7813315 | 278133155 | 学院路分馆/ [索取号:E289.58/JY32] | 在馆 |